| Tag |
First Indicator |
Second Indicator |
Subfields |
| LEADER |
00000cam a22000008a 4500 |
| 001 |
in00000591237 |
| 005 |
20151014082043.0 |
| 008 |
870212s1987 cou b 00110 eng |
| 010 |
|
|
|a 86051219
|z 87051219
|
| 020 |
|
|
|a 0813305144 :
|c $37.50
|
| 035 |
|
|
|a (OCoLC)15252364
|
| 035 |
|
|
|9 ACQ1231AM
|
| 040 |
|
|
|a DLC
|c DLC
|d m/c
|d TXA
|d UtOrBLW
|
| 049 |
|
|
|a TXAM
|c [A10105477]
|
| 050 |
0 |
0 |
|a HF1417.5
|b .R82 1987
|
| 082 |
0 |
|
|a 382/.6
|2 19
|
| 100 |
1 |
|
|a Rubner, Alex.
|
| 245 |
1 |
4 |
|a The export cult :
|b a global display of economic distortions /
|c Alex Rubner.
|
| 263 |
|
|
|a 8704
|
| 264 |
|
1 |
|a Boulder :
|b Westview Press,
|c 1987.
|
| 300 |
|
|
|a xiv, 318 pages
|
| 336 |
|
|
|a text
|b txt
|2 rdacontent
|
| 337 |
|
|
|a unmediated
|b n
|2 rdamedia
|
| 338 |
|
|
|a volume
|b nc
|2 rdacarrier
|
| 500 |
|
|
|a Includes index.
|
| 504 |
|
|
|a Bibliography: pages 305-310.
|
| 650 |
|
0 |
|a Foreign trade promotion.
|
| 999 |
|
|
|a MARS
|
| 999 |
f |
f |
|s 2add19d8-dc33-3532-aa04-0c6d001532d2
|i bb89bf1e-5e28-3ff7-abd2-f60e10999108
|t 0
|
| 952 |
f |
f |
|p ric
|a Texas A&M University
|b Rellis Campus
|c Joint Library Facility
|d Remote Storage
|t 0
|e HF1417.5 .R82 1987
|h Library of Congress classification
|i unmediated -- volume
|m A14810105477
|
| 998 |
f |
f |
|a HF1417.5 .R82 1987
|t 0
|l Remote Storage
|